Η ποιότητα του τουριστικού προϊόντος : προσδιορισμός και τρόπος μέτρησης : διπλωματική εργασία
Αποθηκεύτηκε σε:
| Κύριος συγγραφέας: | |
|---|---|
| Συγγραφή απο Οργανισμό/Αρχή: | |
| Άλλοι συγγραφείς: | |
| Μορφή: | Thesis Βιβλίο |
| Γλώσσα: | Greek |
| Δημοσίευση: |
2003
|
| Θέματα: | |
| Ετικέτες: |
Προσθήκη ετικέτας
Δεν υπάρχουν, Καταχωρήστε ετικέτα πρώτοι!
|
MARC
| LEADER | 00000cam a2200000 i 4500 | ||
|---|---|---|---|
| 001 | 1/48489 | ||
| 008 | 040216s2003 gre d | ||
| 035 | |l 10072258 | ||
| 040 | |a GR-MY-UA |b gre |e aacr | ||
| 041 | 0 | |a gre | |
| 082 | 0 | |a 338.4791 |2 (22) | |
| 100 | 1 | |a Καραχάλης-Γάσπαρης, Ιωάννης. | |
| 245 | 1 | 2 | |a Η ποιότητα του τουριστικού προϊόντος : |b προσδιορισμός και τρόπος μέτρησης : διπλωματική εργασία / |c Καραχάλης Γάσπαρης Ιωάννης ; επιβλέπων: Αγγελής Βασίλης |
| 260 | |c 2003 | ||
| 300 | |a 80 σ. |b εικ. | ||
| 502 | # | # | |a Διατριβή (μεταπτυχιακή) – Πανεπιστήμιο Αιγαίου, Χίος, 2003. |
| 504 | |a Περιλαμβάνει βιβλιογραφία | ||
| 610 | 2 | 0 | |a Πανεπιστήμιο Αιγαίου. |
| 650 | 0 | 0 | |a Tourism. |
| 650 | 0 | 0 | |a Quality control. |
| 650 | 0 | 0 | |a Hospitality industry |x Quality control. |
| 650 | 0 | 0 | |a Dissertations, Academic |z Greece. |
| 700 | 1 | |a Αγγελής, Βασίλης. |4 ths | |
| 710 | 2 | |a Πανεπιστήμιο Αιγαίου |b Σχολή Επιστημών της Διοίκησης |b Τμήμα Διοίκησης Επιχειρήσεων |b Πρόγραμμα Μεταπτυχιακών Σπουδών "Σχεδιασμός, Διοίκηση και Πολιτική του Τουρισμού". | |
| 852 | |a INST |b CHIOS |c DIATR |e 20040216 |h 338.4791 ΚΑΡ |p 005200012653 |q 005200012653 |t MTXE |y 23 | ||
| 852 | |a INST |b CHIOS |c DIATR |e 20040216 |h 338.4791 ΚΑΡ |p 005200012691 |q 005200012691 |t MTXE |y 23 | ||
| 901 | |a BIBL2-2004-1 | ||
| 909 | |a Χ |b 108539 | ||
| 909 | |a Χ |b 108552 | ||
| 924 | |a ΚΑΡΑΧΑΛΗΣ - ΓΑΣΠΑΡΗΣ |b ΙΩΑΝΝΗΣ |y ΧΙΟΣ |z 2004-01 | ||
| 970 | |a ΒΑΣΙΛΑΚΗ |b ΝΙΚΗ |z 2004/02/16 | ||